000 00801nam a22002657a 4500
001 BR7704751
003 BR-BrBNA
005 20230928085415.0
007 ta
008 230509b bl.||||| |||| 00| 0 por d
040 _aBR-BrBNA
_bpor
_cBiblioteca Nacional de Agricultura
041 _a(Por)
072 _aA50; C00
_b/G514
090 _ A50 BR7704751
110 1 _aConselho Nacional de Desenvolvimento Cientifico e Tecnologico, Brasilia, DF (Brasil)
245 1 _aAvaliacao e perspectivas. Engenharia de producao [pesquisa agricola, Brasil]
260 3 _aBrasilia, DF (Brasil):
_c1977.
300 _a51 p.
500 _a14 tables
650 _aPROGRAMA DE PESQUISA
650 _aENSINO SUPERIOR
650 _aINSTITUICAO AGRICOLA
909 _a202309
_bLucia
_c55
_dLucia Elande
942 _cBK
999 _c24267
_d24267